000 00747nam a2200217 a 4500
001 000027429
005 20260114124842.0
008 110331s1986 dr a 001 0 spa d
040 _aDO-SdBNP
_bspa
_cBNPHU
082 _a242.7
_bF817t
100 1 _aFrancia, Alfonso
_954498
245 1 0 _aTodo lugar y tiempo :
_boraciones desde la vida /
_cAlfonso Francia.
260 _aSanto Domingo :
_bSaturno,
_c1986.
300 _a114 p. :
_bil. ;
_c21 cm.
505 0 _tDesde lo profundo de mi ser --
_tDesde las cosas --
_tDesde la noticia --
_tDesde la iglesia.
590 _aInventariado, 2018/BT
650 4 _aEjercicios espirituales
_98168
650 0 _aMeditaciones
_95988
650 4 _aOraciones
_954499
910 _aValidado. Control de calidad. EMS
999 _c26921
_d26921